World Cup Of Darts Winners - Statistics

General Stats
  • This quiz has been taken 51 times
  • The average score is 25 of 28
Answer Stats
Year Country Player % Correct
2020 Wales Gerwyn Price
98%
2023 Wales Gerwyn Price
98%
2014 Netherlands Michael van Gerwen
96%
2017 Netherlands Michael van Gerwen
96%
2018 Netherlands Michael van Gerwen
96%
2012 England Phil Taylor
96%
2013 England Phil Taylor
96%
2015 England Phil Taylor
96%
2016 England Phil Taylor
96%
2024 England Michael Smith
94%
2019 Scotland Gary Anderson
91%
2024 England Luke Humphries
91%
2019 Scotland Peter Wright
91%
2021 Scotland Peter Wright
91%
2010 Netherlands Raymond van Barneveld
91%
2014 Netherlands Raymond van Barneveld
91%
2017 Netherlands Raymond van Barneveld
91%
2018 Netherlands Raymond van Barneveld
91%
2022 Australia Simon Whitlock
89%
2012 England Adrian Lewis
85%
2013 England Adrian Lewis
85%
2015 England Adrian Lewis
85%
2016 England Adrian Lewis
85%
2022 Australia Damon Heta
81%
2020 Wales Jonny Clayton
81%
2023 Wales Jonny Clayton
81%
2021 Scotland John Henderson
68%
2010 Netherlands Co Stompe
43%
No matching quizzes found
Score Distribution
Percent of People with Each Score
Percentile by Number Answered
Your Score History
You have not taken this quiz